Statistics for MLB world series winners

Click here to take the quiz!

General Stats

  • This quiz has been taken 1,745 times
  • The average score is 98 of 110

Answer Stats

Year Winner % Correct
1919 | 1940 | 1975 | +2 othersReds
99%
1923 | 1927 | 1928 | +24 othersYankees
99%
1912 | 1915 | 1916 | +4 othersRed Sox
97%
1905 | 1921 | 1922 | +5 othersGiants
95%
1926 | 1931 | 1934 | +8 othersCardinals
92%
1906 | 1917 | 2005White Sox
91%
1955 | 1959 | 1963 | +3 othersDodgers
90%
1997 | 2003Marlins
88%
1907 | 1908Cubs
88%
1969 | 1986Mets
85%
1980 | 2008Phillies
84%
1992 | 1993Blue Jays
84%
1914 | 1957 | 1995Braves
83%
1985Royals
82%
1909 | 1925 | 1960 | +2 othersPirates
82%
2001Diamondbacks
81%
2002Angels
79%
1935 | 1945 | 1968 | 1984Tigers
77%
1910 | 1911 | 1913 | +6 othersAthletics
76%
1920 | 1948Indians
76%
1987 | 1991Twins
75%
1966 | 1970 | 1983Orioles
75%
1924Senators
34%
1903Americans
20%

Score Distribution

Percentile by Number Answered

Percent of People with Each Score

Your Score History

You have not taken this quiz